Tabellenendstand der 2. Bundesliga 2021/2022 - Statistiken

Allgemein
  • Dieses Quiz wurde 481 mal gespielt
  • Das Durchschnittsergebnis liegt bei 12 aus 18
Antwortstatistiken
Punkte Antwort % Korrekt
1 65 FC Schalke 04
99%
3 60 Hamburger SV
96%
2 63 Werder Bremen
95%
4 60 SV Darmstadt 98
83%
5 57 FC St. Pauli
79%
16 32 Dynamo Dresden
70%
6 52 1. FC Heidenheim 1846
65%
8 51 1. FC Nürnberg
65%
17 26 Erzgebirge Aue
65%
18 21 FC Ingolstadt 04
65%
7 51 SC Paderborn 07
60%
11 42 Hannover 96
59%
9 45 Holstein Kiel
58%
14 41 SV Sandhausen
58%
15 40 Jahn Regensburg
56%
10 44 Fortuna Düsseldorf
55%
13 41 Hansa Rostock
53%
12 41 Karlsruher SC
49%
Keine übereinstimmenden Quizze gefunden
Verteilung der Resultate
Anzahl Personen mit jedem Resultat
Perzentil nach korrekt beantworteten Fragen
Ihre Resultats-Entwicklung
Sie haben dieses Quiz noch nicht gespielt